<?xml version="1.0" encoding="UTF-8"?>
<record
    xmlns:xsi="http://www.w3.org/2001/XMLSchema-instance"
    xsi:schemaLocation="http://www.loc.gov/MARC21/slim http://www.loc.gov/standards/marcxml/schema/MARC21slim.xsd"
    xmlns="http://www.loc.gov/MARC21/slim">

  <leader>00371nam a22001577a 4500</leader>
  <controlfield tag="003">NUST</controlfield>
  <controlfield tag="005">20230125125245.0</controlfield>
  <datafield tag="020" ind1=" " ind2=" ">
    <subfield code="a">9780007278596</subfield>
  </datafield>
  <datafield tag="082" ind1=" " ind2=" ">
    <subfield code="a">869.342,COE</subfield>
  </datafield>
  <datafield tag="100" ind1=" " ind2=" ">
    <subfield code="a">Coelho, Paulo</subfield>
    <subfield code="9">3636</subfield>
  </datafield>
  <datafield tag="245" ind1=" " ind2=" ">
    <subfield code="a">Brida /</subfield>
    <subfield code="c">Paulo Coelho,</subfield>
  </datafield>
  <datafield tag="260" ind1=" " ind2=" ">
    <subfield code="a">Harper Collins </subfield>
    <subfield code="b">London </subfield>
    <subfield code="c">2008</subfield>
  </datafield>
  <datafield tag="300" ind1=" " ind2=" ">
    <subfield code="a">266 p</subfield>
  </datafield>
  <datafield tag="650" ind1=" " ind2=" ">
    <subfield code="a">English Literature </subfield>
    <subfield code="9">318</subfield>
  </datafield>
  <datafield tag="942" ind1=" " ind2=" ">
    <subfield code="2">ddc</subfield>
    <subfield code="c">FIC</subfield>
  </datafield>
  <datafield tag="999" ind1=" " ind2=" ">
    <subfield code="c">592997</subfield>
    <subfield code="d">592997</subfield>
  </datafield>
  <datafield tag="952" ind1=" " ind2=" ">
    <subfield code="0">0</subfield>
    <subfield code="1">0</subfield>
    <subfield code="2">ddc</subfield>
    <subfield code="4">0</subfield>
    <subfield code="7">0</subfield>
    <subfield code="a">MCS</subfield>
    <subfield code="b">MCS</subfield>
    <subfield code="c">FIC</subfield>
    <subfield code="d">2023-01-25</subfield>
    <subfield code="j">1</subfield>
    <subfield code="l">5</subfield>
    <subfield code="o">869.342,COE</subfield>
    <subfield code="p">MCS37812</subfield>
    <subfield code="r">2025-11-07</subfield>
    <subfield code="s">2025-10-13</subfield>
    <subfield code="w">2023-01-25</subfield>
    <subfield code="y">FIC</subfield>
    <subfield code="z">Almirah No.58, Shelf No.2</subfield>
  </datafield>
</record>
